<?xml version="1.0" encoding="UTF-8"?>
<record
    xmlns:xsi="http://www.w3.org/2001/XMLSchema-instance"
    xsi:schemaLocation="http://www.loc.gov/MARC21/slim http://www.loc.gov/standards/marcxml/schema/MARC21slim.xsd"
    xmlns="http://www.loc.gov/MARC21/slim">

  <leader>00801nam  22002173  4500</leader>
  <controlfield tag="001">202802</controlfield>
  <datafield tag="090" ind1=" " ind2=" ">
    <subfield code="a">202802</subfield>
  </datafield>
  <datafield tag="100" ind1=" " ind2=" ">
    <subfield code="a">20260630d        u||y0pory50      ba</subfield>
  </datafield>
  <datafield tag="200" ind1=" " ind2=" ">
    <subfield code="a">Consola&#xE7;&#xE3;o &#xE0;s tribula&#xE7;&#xF5;es de Israel </subfield>
    <subfield code="f">Samuel Usque</subfield>
    <subfield code="g">com estudos introdut&#xF3;rios por Yosef Hayim Yerushalmi e Jos&#xE9; V. de Pina Martins</subfield>
  </datafield>
  <datafield tag="210" ind1=" " ind2=" ">
    <subfield code="a">Lisboa</subfield>
    <subfield code="c">Funda&#xE7;&#xE3;o Calouste Gulbenkian</subfield>
    <subfield code="d">imp. 1989</subfield>
  </datafield>
  <datafield tag="215" ind1=" " ind2=" ">
    <subfield code="a">409. [2] p.</subfield>
    <subfield code="c">encadernado</subfield>
    <subfield code="d">23 cm </subfield>
  </datafield>
  <datafield tag="225" ind1=" " ind2=" ">
    <subfield code="a">Cultura portuguesa</subfield>
  </datafield>
  <datafield tag="300" ind1=" " ind2=" ">
    <subfield code="a">textos em ingl&#xEA;s </subfield>
  </datafield>
  <datafield tag="606" ind1=" " ind2=" ">
    <subfield code="9">3661</subfield>
    <subfield code="a">Cr&#xED;tica Liter&#xE1;ria.Estudos Liter&#xE1;rios</subfield>
  </datafield>
  <datafield tag="675" ind1=" " ind2=" ">
    <subfield code="a">82.09</subfield>
    <subfield code="v">PT</subfield>
    <subfield code="z">por</subfield>
  </datafield>
  <datafield tag="700" ind1=" " ind2=" ">
    <subfield code="9">17663</subfield>
    <subfield code="a">Usque </subfield>
    <subfield code="b">Samuel </subfield>
    <subfield code="f">1495?-15?</subfield>
  </datafield>
  <datafield tag="701" ind1=" " ind2=" ">
    <subfield code="9">17664</subfield>
    <subfield code="a">Yerushalmi</subfield>
    <subfield code="b">Yosef Hayim</subfield>
    <subfield code="f">1932-2009</subfield>
  </datafield>
  <datafield tag="702" ind1=" " ind2=" ">
    <subfield code="9">4338</subfield>
    <subfield code="a">Martins</subfield>
    <subfield code="b">Jos&#xE9; Vitorino da Pina</subfield>
    <subfield code="f">1920-2010</subfield>
  </datafield>
  <datafield tag="801" ind1=" " ind2=" ">
    <subfield code="a">PT</subfield>
    <subfield code="b">BMMN</subfield>
    <subfield code="g">RPC</subfield>
  </datafield>
  <datafield tag="830" ind1=" " ind2=" ">
    <subfield code="c">Vanda</subfield>
  </datafield>
  <datafield tag="990" ind1=" " ind2=" ">
    <subfield code="c">LIVROS</subfield>
  </datafield>
  <datafield tag="995" ind1=" " ind2=" ">
    <subfield code="0">0</subfield>
    <subfield code="2">0</subfield>
    <subfield code="5">2026-06-30</subfield>
    <subfield code="9">32611</subfield>
    <subfield code="b">BMMN</subfield>
    <subfield code="f">32322</subfield>
    <subfield code="k">82.09 USQ|DEP</subfield>
    <subfield code="o">0</subfield>
    <subfield code="r">LIVROS</subfield>
    <subfield code="s">Oferta</subfield>
  </datafield>
</record>
